[Event "World Chess Olympiad 2018"]
[Site "Batumi"]
[Date "2018.10.02"]
[Round "8"]
[Board "1"]
[WhiteFideId "11200243"]
[White "Ayyad Husain"]
[BlackFideId "12600083"]
[Black "Hasford John Kojo"]
[Result "1-0"]
[LiveChessVersion "1.4.8"]
[BlackElo "2042"]
[WhiteElo "2243"]

1. e4 {[%clk 1:29:10]} d6 {[%clk 1:30:16]} 2. d4 {[%clk 1:29:38]} Nf6
{[%clk 1:30:08]} 3. Nc3 {[%clk 1:30:03]} g6 {[%clk 1:30:30]} 4. Bg5
{[%clk 1:30:30]} Bg7 {[%clk 1:30:08]} 5. Qd2 {[%clk 1:30:09]} Nc6
{[%clk 1:29:34]} 6. O-O-O {[%clk 1:30:08]} O-O {[%clk 1:29:44]} 7. f4
{[%clk 1:22:14]} h6 {[%clk 1:26:50]} 8. Bh4 {[%clk 1:21:06]} Bg4 {[%clk 1:26:25]}
9. Be2 {[%clk 1:21:32]} Bxe2 {[%clk 1:24:53]} 10. Qxe2 {[%clk 1:21:40]} Nh5
{[%clk 1:22:36]} 11. Qe3 {[%clk 1:22:06]} Qd7 {[%clk 1:21:05]} 12. Nf3
{[%clk 1:21:29]} b5 {[%clk 1:20:19]} 13. Rhg1 {[%clk 1:15:23]} b4
{[%clk 1:19:57]} 14. Ne2 {[%clk 1:15:45]} Nf6 {[%clk 1:19:41]} 15. Bxf6
{[%clk 1:14:47]} exf6 {[%clk 1:16:45]} 16. g4 {[%clk 1:14:54]} Na5
{[%clk 1:15:15]} 17. f5 {[%clk 1:13:23]} Qa4 {[%clk 1:13:20]} 18. Kb1
{[%clk 1:07:29]} Rfe8 {[%clk 1:12:41]} 19. fxg6 {[%clk 1:06:37]} fxg6
{[%clk 1:12:02]} 20. Nf4 {[%clk 1:07:04]} g5 {[%clk 1:10:08]} 21. Nh5
{[%clk 1:07:16]} Qc6 {[%clk 1:05:17]} 22. d5 {[%clk 1:07:20]} Qc5
{[%clk 1:05:08]} 23. Nd4 {[%clk 1:07:40]} Bh8 {[%clk 0:59:53]} 24. Qf3
{[%clk 1:07:06]} Rf8 {[%clk 0:48:20]} 25. Qf5 {[%clk 1:07:02]} Kf7
{[%clk 0:44:35]} 26. Qd7+ {[%clk 1:07:27]} Kg6 {[%clk 0:43:21]} 27. Ne6
{[%clk 1:07:53]} Rf7 {[%clk 0:43:02]} 28. Nef4+ {[%clk 1:08:18]} 1-0

[Event "World Chess Olympiad 2018"]
[Site "Batumi"]
[Date "2018.10.02"]
[Round "8"]
[Board "2"]
[WhiteFideId "12600407"]
[White "Mensah Joseph Jamena"]
[BlackFideId "11200235"]
[Black "Ayyad Maher"]
[Result "1-0"]
[LiveChessVersion "1.4.8"]
[BlackElo "2106"]
[WhiteElo "1999"]

1. e4 {[%clk 1:30:56]} c5 {[%clk 1:30:54]} 2. Nf3 {[%clk 1:31:22]} e6
{[%clk 1:31:19]} 3. d4 {[%clk 1:31:45]} cxd4 {[%clk 1:31:43]} 4. Nxd4
{[%clk 1:32:13]} Nf6 {[%clk 1:31:44]} 5. Bd3 {[%clk 1:32:09]} Nc6
{[%clk 1:32:10]} 6. c3 {[%clk 1:31:43]} d5 {[%clk 1:31:30]} 7. exd5
{[%clk 1:30:26]} Qxd5 {[%clk 1:31:31]} 8. O-O {[%clk 1:30:44]} Bd7
{[%clk 1:30:41]} 9. Nb5 {[%clk 1:28:07]} Rc8 {[%clk 1:30:51]} 10. c4
{[%clk 1:26:51]} Qh5 {[%clk 1:21:30]} 11. Be2 {[%clk 1:22:39]} Qe5
{[%clk 1:20:27]} 12. Re1 {[%clk 1:16:57]} a6 {[%clk 1:20:39]} 13. Bf3
{[%clk 1:15:32]} Qb8 {[%clk 1:20:34]} 14. N5c3 {[%clk 1:14:50]} Bd6
{[%clk 1:20:29]} 15. h3 {[%clk 1:13:50]} Ne5 {[%clk 1:20:51]} 16. Bxb7
{[%clk 1:09:40]} Qxb7 {[%clk 1:20:15]} 17. Qxd6 {[%clk 1:09:35]} Nxc4
{[%clk 1:20:34]} 18. Qg3 {[%clk 1:09:03]} O-O {[%clk 1:15:26]} 19. b3
{[%clk 1:08:42]} Nb6 {[%clk 1:15:12]} 20. Bh6 {[%clk 1:08:22]} Ne8
{[%clk 1:15:08]} 21. Ne4 {[%clk 1:07:28]} Qc7 {[%clk 1:13:05]} 22. Bf4
{[%clk 1:02:40]} Qd8 {[%clk 1:05:35]} 23. Nbc3 {[%clk 1:00:07]} f6
{[%clk 1:03:14]} 24. Rad1 {[%clk 0:59:35]} e5 {[%clk 1:03:04]} 25. Be3
{[%clk 0:57:57]} Rf7 {[%clk 1:02:11]} 26. Rd3 {[%clk 0:52:52]} Qc7
{[%clk 0:59:43]} 27. Red1 {[%clk 0:51:39]} Bf5 {[%clk 0:59:30]} 28. a4
{[%clk 0:46:40]} Qc6 {[%clk 0:54:03]} 29. f3 {[%clk 0:45:04]} Bg6
{[%clk 0:54:04]} 30. Qf2 {[%clk 0:45:15]} Nd7 {[%clk 0:53:48]} 31. Nd5
{[%clk 0:39:05]} h6 {[%clk 0:50:35]} 32. Nb4 {[%clk 0:36:36]} Qb7
{[%clk 0:50:35]} 33. Nxa6 {[%clk 0:36:02]} Qxa6 {[%clk 0:50:55]} 34. Rxd7
{[%clk 0:36:20]} Rxd7 {[%clk 0:51:21]} 35. Rxd7 {[%clk 0:36:01]} f5
{[%clk 0:49:07]} 36. Nc5 {[%clk 0:35:25]} Qb6 {[%clk 0:49:11]} 37. Rb7
{[%clk 0:30:17]} Qd6 {[%clk 0:49:28]} 38. Qc2 {[%clk 0:29:14]} f4
{[%clk 0:49:43]} 39. Qc4+ {[%clk 0:29:34]} Kh7 {[%clk 0:49:47]} 40. Bf2
{[%clk 0:59:03]} Qd1+ {[%clk 1:19:51]} 41. Qf1 {[%clk 0:55:31]} Qd5
{[%clk 1:20:13]} 42. Rd7 {[%clk 0:52:55]} Qg8 {[%clk 1:10:24]} 43. Qa6
{[%clk 0:50:59]} Nf6 {[%clk 1:09:05]} 44. Qxf6 {[%clk 0:50:03]} 1-0

[Event "World Chess Olympiad 2018"]
[Site "Batumi"]
[Date "2018.10.02"]
[Round "8"]
[Board "3"]
[WhiteFideId "11200057"]
[White "Al-Ghasra Ali"]
[BlackFideId "12600784"]
[Black "Ajavon Anthony Obieni"]
[Result "1/2-1/2"]
[LiveChessVersion "1.4.8"]
[BlackElo "1902"]
[WhiteElo "2096"]

1. d4 {[%clk 1:30:58]} Nf6 {[%clk 1:30:57]} 2. c4 {[%clk 1:31:20]} g6
{[%clk 1:31:19]} 3. Nc3 {[%clk 1:31:32]} Bg7 {[%clk 1:31:34]} 4. e4
{[%clk 1:31:48]} d6 {[%clk 1:31:57]} 5. Nf3 {[%clk 1:31:59]} O-O {[%clk 1:32:10]}
6. Be2 {[%clk 1:32:08]} e5 {[%clk 1:31:33]} 7. O-O {[%clk 1:31:31]} Nc6
{[%clk 1:31:24]} 8. d5 {[%clk 1:31:28]} Ne7 {[%clk 1:31:40]} 9. Re1
{[%clk 1:31:24]} Nd7 {[%clk 1:29:27]} 10. b4 {[%clk 1:30:35]} a5 {[%clk 1:28:32]}
11. Ba3 {[%clk 1:27:41]} axb4 {[%clk 1:23:11]} 12. Bxb4 {[%clk 1:23:51]} h6
{[%clk 1:20:21]} 13. a4 {[%clk 1:23:46]} f5 {[%clk 1:15:56]} 14. a5
{[%clk 1:15:01]} Nf6 {[%clk 1:06:25]} 15. Nd2 {[%clk 1:13:10]} Rf7
{[%clk 1:00:09]} 16. Bf3 {[%clk 1:05:09]} g5 {[%clk 0:52:49]} 17. g3
{[%clk 1:04:19]} g4 {[%clk 0:48:21]} 18. Bg2 {[%clk 1:03:55]} Bf8
{[%clk 0:46:01]} 19. Qb3 {[%clk 0:56:21]} h5 {[%clk 0:41:40]} 20. c5
{[%clk 0:55:57]} h4 {[%clk 0:37:02]} 21. cxd6 {[%clk 0:54:59]} cxd6
{[%clk 0:37:27]} 22. Nc4 {[%clk 0:55:04]} Ne8 {[%clk 0:32:04]} 23. Nb5
{[%clk 0:54:30]} Ng6 {[%clk 0:28:59]} 24. Qa3 {[%clk 0:52:50]} Rf6
{[%clk 0:28:24]} 25. Rac1 {[%clk 0:47:05]} f4 {[%clk 0:22:18]} 26. Rc2
{[%clk 0:40:32]} Bd7 {[%clk 0:17:52]} 27. Nbxd6 {[%clk 0:31:41]} Nxd6
{[%clk 0:17:33]} 28. Bxd6 {[%clk 0:31:48]} Rxd6 {[%clk 0:09:00]} 29. Nxd6
{[%clk 0:32:07]} Qf6 {[%clk 0:09:20]} 30. Qb3 {[%clk 0:21:54]} Qxd6
{[%clk 0:07:56]} 31. Qxb7 {[%clk 0:21:20]} Rxa5 {[%clk 0:06:35]} 32. Rc7
{[%clk 0:21:12]} Rb5 {[%clk 0:04:59]} 33. Qa7 {[%clk 0:21:01]} Be8
{[%clk 0:03:43]} 34. Rc8 {[%clk 0:19:40]} Bd7 {[%clk 0:03:21]} 35. Rc7
{[%clk 0:20:09]} Be8 {[%clk 0:03:35]} 36. Rc8 {[%clk 0:19:38]} Bd7
{[%clk 0:03:47]} 1/2-1/2

[Event "World Chess Olympiad 2018"]
[Site "Batumi"]
[Date "2018.10.02"]
[Round "8"]
[Board "4"]
[WhiteFideId "12600750"]
[White "Adu Jnr Lionel"]
[BlackFideId "11200596"]
[Black "Bukhalaf Khalil"]
[Result "0-1"]
[LiveChessVersion "1.4.8"]
[BlackElo "1914"]
[WhiteElo "1896"]

1. g3 {[%clk 1:31:24]} d5 {[%clk 1:30:54]} 2. Bg2 {[%clk 1:31:25]} Nf6
{[%clk 1:31:12]} 3. c3 {[%clk 1:31:48]} c6 {[%clk 1:31:30]} 4. d4
{[%clk 1:32:04]} Bf5 {[%clk 1:31:40]} 5. Nf3 {[%clk 1:32:15]} e6 {[%clk 1:31:18]}
6. Bg5 {[%clk 1:32:21]} Nbd7 {[%clk 1:31:34]} 7. Nbd2 {[%clk 1:32:49]} Be7
{[%clk 1:29:37]} 8. O-O {[%clk 1:33:02]} O-O {[%clk 1:23:02]} 9. Re1
{[%clk 1:32:07]} h6 {[%clk 1:12:05]} 10. Bxf6 {[%clk 1:32:22]} Nxf6
{[%clk 1:11:47]} 11. Qb3 {[%clk 1:31:32]} Qb6 {[%clk 1:05:36]} 12. Qxb6
{[%clk 1:29:45]} axb6 {[%clk 1:05:58]} 13. Ne5 {[%clk 1:29:50]} Bh7
{[%clk 0:47:15]} 14. a3 {[%clk 1:28:26]} Bd6 {[%clk 0:38:10]} 15. f4
{[%clk 0:58:11]} b5 {[%clk 0:11:51]} 16. Rac1 {[%clk 0:56:44]} Ra4
{[%clk 0:09:47]} 17. Nb3 {[%clk 0:40:32]} Rc8 {[%clk 0:07:07]} 18. e3
{[%clk 0:34:58]} b6 {[%clk 0:03:59]} 19. Bf1 {[%clk 0:31:12]} Be7
{[%clk 0:01:29]} 20. Nxc6 {[%clk 0:29:15]} Rxc6 {[%clk 0:01:55]} 21. Bxb5
{[%clk 0:29:34]} Rac4 {[%clk 0:01:45]} 22. Nd2 {[%clk 0:29:16]} Rc8
{[%clk 0:01:45]} 23. Bxc4 {[%clk 0:20:00]} dxc4 {[%clk 0:02:13]} 24. e4
{[%clk 0:20:00]} Ra8 {[%clk 0:02:19]} 25. e5 {[%clk 0:16:28]} Nd5
{[%clk 0:02:36]} 26. Nxc4 {[%clk 0:16:05]} g5 {[%clk 0:02:50]} 27. Ne3
{[%clk 0:15:50]} b5 {[%clk 0:01:37]} 28. c4 {[%clk 0:09:18]} bxc4
{[%clk 0:01:07]} 29. Rxc4 {[%clk 0:08:44]} Rb8 {[%clk 0:01:15]} 30. b4
{[%clk 0:07:56]} Bd3 {[%clk 0:00:39]} 31. Nxd5 {[%clk 0:06:27]} exd5
{[%clk 0:00:51]} 32. Rc6 {[%clk 0:04:59]} Kg7 {[%clk 0:00:47]} 33. e6
{[%clk 0:04:50]} Bf6 {[%clk 0:00:51]} 34. e7 {[%clk 0:03:14]} Bxd4+
{[%clk 0:01:11]} 35. Kg2 {[%clk 0:03:44]} Be4+ {[%clk 0:01:17]} 36. Kh3
{[%clk 0:02:05]} Bf6 {[%clk 0:01:24]} 37. fxg5 {[%clk 0:02:14]} hxg5
{[%clk 0:00:58]} 38. Kg4 {[%clk 0:01:20]} Re8 {[%clk 0:01:02]} 39. Rc7
{[%clk 0:00:37]} Bxe7 {[%clk 0:01:29]} 40. h4 {[%clk 0:30:34]} f5+
{[%clk 0:30:35]} 41. Kh3 {[%clk 0:30:55]} g4+ {[%clk 0:29:36]} 42. Kh2
{[%clk 0:31:21]} Kf6 {[%clk 0:29:24]} 43. Rc6+ {[%clk 0:31:35]} Ke5
{[%clk 0:29:05]} 44. Ra6 {[%clk 0:10:53]} Rc8 {[%clk 0:29:08]} 45. Re2
{[%clk 0:10:09]} Rc1 {[%clk 0:28:40]} 46. Rxe4+ {[%clk 0:08:59]} fxe4
{[%clk 0:28:26]} 47. b5 {[%clk 0:09:10]} Rb1 {[%clk 0:28:15]} 48. a4
{[%clk 0:03:33]} e3 {[%clk 0:27:51]} 49. Ra7 {[%clk 0:03:15]} Ke6
{[%clk 0:28:09]} 50. Ra6+ {[%clk 0:01:59]} Bd6 {[%clk 0:28:28]} 0-1

[Event "World Chess Olympiad 2018"]
[Site "Batumi"]
[Date "2018.10.02"]
[Round "8"]
[Board "1"]
[WhiteFideId "11101644"]
[White "Husbands Orlando"]
[BlackFideId "20500220"]
[Black "Mphungu Gerrard"]
[Result "1/2-1/2"]
[LiveChessVersion "1.4.8"]
[BlackElo "2091"]
[WhiteElo "2262"]

1. d4 {[%clk 1:30:57]} d5 {[%clk 1:30:56]} 2. c4 {[%clk 1:31:25]} e6
{[%clk 1:31:23]} 3. Nc3 {[%clk 1:31:47]} Nf6 {[%clk 1:31:48]} 4. cxd5
{[%clk 1:32:14]} exd5 {[%clk 1:32:12]} 5. Bg5 {[%clk 1:32:26]} c6
{[%clk 1:31:07]} 6. e3 {[%clk 1:32:31]} Bf5 {[%clk 1:23:58]} 7. Qf3
{[%clk 1:32:30]} Bg6 {[%clk 1:23:44]} 8. Bxf6 {[%clk 1:32:58]} Qxf6
{[%clk 1:24:05]} 9. Qxf6 {[%clk 1:33:21]} gxf6 {[%clk 1:24:32]} 10. Nf3
{[%clk 1:32:11]} Be7 {[%clk 1:22:00]} 11. Be2 {[%clk 1:29:53]} Nd7
{[%clk 1:20:28]} 12. Rc1 {[%clk 1:26:40]} Nb6 {[%clk 1:20:35]} 13. O-O
{[%clk 1:22:32]} Nc8 {[%clk 1:20:32]} 14. g3 {[%clk 1:13:33]} Bf5
{[%clk 1:16:05]} 15. Nh4 {[%clk 1:09:59]} Be6 {[%clk 1:11:47]} 16. Bd3
{[%clk 1:09:18]} Nd6 {[%clk 1:11:47]} 17. Ne2 {[%clk 1:09:02]} O-O
{[%clk 0:58:39]} 18. Nf4 {[%clk 1:08:48]} Kh8 {[%clk 0:57:37]} 19. f3
{[%clk 1:07:21]} f5 {[%clk 0:56:53]} 20. Nhg2 {[%clk 1:03:10]} Rfe8
{[%clk 0:49:37]} 21. Rfd1 {[%clk 0:56:44]} Kg8 {[%clk 0:48:07]} 22. Bf1
{[%clk 0:55:35]} Bg5 {[%clk 0:47:43]} 23. Kf2 {[%clk 0:53:14]} Rad8
{[%clk 0:47:18]} 24. Nd3 {[%clk 0:48:48]} Bc8 {[%clk 0:45:30]} 25. Nc5
{[%clk 0:39:34]} Be6 {[%clk 0:42:43]} 26. Rc2 {[%clk 0:35:41]} Ra8
{[%clk 0:40:49]} 27. Rdc1 {[%clk 0:33:10]} Bc8 {[%clk 0:40:38]} 28. b3
{[%clk 0:33:06]} Kg7 {[%clk 0:40:04]} 29. Nd3 {[%clk 0:31:06]} Kg8
{[%clk 0:39:01]} 30. Ndf4 {[%clk 0:31:35]} Kh8 {[%clk 0:37:59]} 31. b4
{[%clk 0:29:22]} a6 {[%clk 0:38:09]} 32. Nd3 {[%clk 0:27:17]} Nc4
{[%clk 0:37:11]} 33. Ne5 {[%clk 0:26:45]} Nxe5 {[%clk 0:36:48]} 34. dxe5
{[%clk 0:27:13]} Be7 {[%clk 0:36:47]} 35. Rb1 {[%clk 0:24:50]} Bd8
{[%clk 0:35:08]} 36. f4 {[%clk 0:20:31]} f6 {[%clk 0:33:17]} 37. exf6
{[%clk 0:19:58]} Bxf6 {[%clk 0:33:41]} 38. Rd2 {[%clk 0:17:57]} Be6
{[%clk 0:32:57]} 39. Ne1 {[%clk 0:15:53]} Rad8 {[%clk 0:29:42]} 40. Nf3
{[%clk 0:46:04]} Re7 {[%clk 0:59:42]} 41. Nd4 {[%clk 0:45:40]} Bd7
{[%clk 0:59:10]} 42. Bh3 {[%clk 0:43:28]} Bxd4 {[%clk 0:58:07]} 43. exd4
{[%clk 0:43:56]} Rde8 {[%clk 0:58:14]} 44. Bf1 {[%clk 0:42:08]} Re3
{[%clk 0:57:54]} 45. Rd3 {[%clk 0:38:53]} Rxd3 {[%clk 0:55:38]} 46. Bxd3
{[%clk 0:39:21]} Kg7 {[%clk 0:55:29]} 47. Be2 {[%clk 0:39:01]} Kg6
{[%clk 0:55:09]} 48. Bf3 {[%clk 0:39:15]} Kf6 {[%clk 0:53:33]} 49. h3
{[%clk 0:37:12]} Rg8 {[%clk 0:53:40]} 50. Rg1 {[%clk 0:37:27]} h6
{[%clk 0:53:41]} 51. g4 {[%clk 0:35:01]} Rg7 {[%clk 0:51:24]} 52. Rg3
{[%clk 0:32:52]} Be8 {[%clk 0:28:12]} 53. a4 {[%clk 0:31:17]} Bf7
{[%clk 0:23:55]} 54. a5 {[%clk 0:30:47]} h5 {[%clk 0:21:07]} 55. gxh5
{[%clk 0:30:16]} Rxg3 {[%clk 0:21:30]} 56. Kxg3 {[%clk 0:30:46]} Kg7
{[%clk 0:21:58]} 57. h6+ {[%clk 0:26:53]} Kxh6 {[%clk 0:22:17]} 58. Kh4
{[%clk 0:24:21]} Be8 {[%clk 0:22:28]} 59. Bd1 {[%clk 0:23:31]} Bf7
{[%clk 0:22:54]} 60. Kg3 {[%clk 0:22:24]} Bh5 {[%clk 0:20:31]} 61. Bc2
{[%clk 0:16:41]} Bg6 {[%clk 0:21:00]} 62. Kh4 {[%clk 0:16:20]} Bh7
{[%clk 0:21:17]} 63. Bd1 {[%clk 0:16:34]} Bg6 {[%clk 0:21:41]} 64. Bc2
{[%clk 0:07:18]} Bh7 {[%clk 0:22:09]} 65. Kg3 {[%clk 0:07:35]} Bg6
{[%clk 0:22:34]} 66. Bd3 {[%clk 0:07:29]} Kh5 {[%clk 0:22:50]} 67. Be2+
{[%clk 0:07:44]} Kh6 {[%clk 0:23:18]} 68. Kf2 {[%clk 0:07:19]} Bh5
{[%clk 0:23:39]} 69. Bd3 {[%clk 0:07:41]} Bg6 {[%clk 0:24:07]} 70. Kg2
{[%clk 0:07:15]} Kh5 {[%clk 0:24:26]} 71. Be2+ {[%clk 0:05:18]} Kh6
{[%clk 0:24:54]} 72. Kf2 {[%clk 0:05:04]} Bh5 {[%clk 0:25:13]} 73. Bd3
{[%clk 0:05:14]} Bg6 {[%clk 0:25:42]} 74. Ke3 {[%clk 0:05:43]} Kh5
{[%clk 0:25:41]} 75. Kf2 {[%clk 0:06:00]} 1/2-1/2

[Event "World Chess Olympiad 2018"]
[Site "Batumi"]
[Date "2018.10.02"]
[Round "8"]
[Board "2"]
[WhiteFideId "16400119"]
[White "Chipanga Chiletso"]
[BlackFideId "11100400"]
[Black "Del Castilho Martyn"]
[Result "0-1"]
[LiveChessVersion "1.4.8"]
[BlackElo "2250"]
[WhiteElo "2153"]

1. e4 {[%clk 1:30:55]} c5 {[%clk 1:30:55]} 2. Nf3 {[%clk 1:31:17]} e6
{[%clk 1:31:15]} 3. d4 {[%clk 1:31:37]} cxd4 {[%clk 1:31:40]} 4. Nxd4
{[%clk 1:32:04]} Nc6 {[%clk 1:31:59]} 5. Nb5 {[%clk 1:32:05]} d6 {[%clk 1:31:56]}
6. Bf4 {[%clk 1:32:13]} e5 {[%clk 1:32:11]} 7. Be3 {[%clk 1:32:26]} Nf6
{[%clk 1:30:46]} 8. N1c3 {[%clk 1:30:36]} a6 {[%clk 1:28:43]} 9. Na3
{[%clk 1:31:04]} b5 {[%clk 1:27:36]} 10. Nd5 {[%clk 1:31:28]} Nxd5
{[%clk 1:26:34]} 11. Qxd5 {[%clk 1:31:32]} Qc7 {[%clk 1:24:55]} 12. Be2
{[%clk 1:30:01]} Be6 {[%clk 1:17:36]} 13. Qd2 {[%clk 1:30:05]} Rd8
{[%clk 1:14:00]} 14. Bf3 {[%clk 1:27:26]} Ne7 {[%clk 1:08:37]} 15. c3
{[%clk 1:09:16]} d5 {[%clk 1:08:24]} 16. Qe2 {[%clk 1:08:34]} dxe4
{[%clk 1:04:07]} 17. Bxe4 {[%clk 1:08:48]} Nd5 {[%clk 1:02:25]} 18. Nc2
{[%clk 1:08:38]} Be7 {[%clk 0:54:58]} 19. O-O {[%clk 1:08:36]} Nf6
{[%clk 0:53:36]} 20. f3 {[%clk 1:04:35]} Bc4 {[%clk 0:47:11]} 21. Qf2
{[%clk 1:04:59]} Nxe4 {[%clk 0:45:15]} 22. fxe4 {[%clk 1:05:17]} Qc6
{[%clk 0:30:46]} 23. Rfe1 {[%clk 1:02:41]} O-O {[%clk 0:29:23]} 24. Nb4
{[%clk 1:02:12]} Qc8 {[%clk 0:08:57]} 25. Rad1 {[%clk 0:57:53]} a5
{[%clk 0:05:16]} 26. Nd5 {[%clk 0:58:04]} Bxd5 {[%clk 0:05:10]} 27. exd5
{[%clk 0:57:27]} Rd6 {[%clk 0:02:58]} 28. Rd2 {[%clk 0:54:29]} Rfd8
{[%clk 0:02:25]} 29. Red1 {[%clk 0:54:41]} Qc4 {[%clk 0:02:38]} 30. Qf1
{[%clk 0:47:26]} Qe4 {[%clk 0:02:47]} 31. Qf3 {[%clk 0:47:47]} Qxf3
{[%clk 0:02:59]} 32. gxf3 {[%clk 0:48:16]} f5 {[%clk 0:02:11]} 33. Bc5
{[%clk 0:45:06]} Rg6+ {[%clk 0:02:36]} 0-1

[Event "World Chess Olympiad 2018"]
[Site "Batumi"]
[Date "2018.10.02"]
[Round "8"]
[Board "3"]
[WhiteFideId "11100516"]
[White "Blackman Justin"]
[BlackFideId "16400135"]
[Black "Mwale Joseph"]
[Result "1/2-1/2"]
[LiveChessVersion "1.4.8"]
[BlackElo "2231"]
[WhiteElo "2158"]

1. d4 {[%clk 1:30:56]} Nf6 {[%clk 1:30:57]} 2. c4 {[%clk 1:31:20]} e6
{[%clk 1:31:23]} 3. Nc3 {[%clk 1:31:45]} Bb4 {[%clk 1:31:49]} 4. Qc2
{[%clk 1:32:10]} c5 {[%clk 1:32:15]} 5. dxc5 {[%clk 1:32:29]} Na6
{[%clk 1:32:40]} 6. a3 {[%clk 1:31:17]} Bxc3+ {[%clk 1:33:06]} 7. Qxc3
{[%clk 1:31:43]} Nxc5 {[%clk 1:33:32]} 8. Nf3 {[%clk 1:29:16]} d5
{[%clk 1:31:23]} 9. e3 {[%clk 1:23:33]} Nce4 {[%clk 1:31:31]} 10. Qc2
{[%clk 1:21:40]} Ng4 {[%clk 1:29:51]} 11. cxd5 {[%clk 1:20:39]} exd5
{[%clk 1:10:38]} 12. Bb5+ {[%clk 1:20:55]} Bd7 {[%clk 1:11:04]} 13. Bxd7+
{[%clk 1:21:13]} Qxd7 {[%clk 1:11:30]} 14. O-O {[%clk 1:21:31]} O-O
{[%clk 1:11:34]} 15. h3 {[%clk 1:12:36]} Ngf6 {[%clk 1:11:55]} 16. Bd2
{[%clk 1:09:31]} Rfc8 {[%clk 1:09:32]} 17. Qd3 {[%clk 1:03:45]} Nc5
{[%clk 1:07:30]} 18. Qe2 {[%clk 1:03:38]} Qf5 {[%clk 0:57:31]} 19. Bc3
{[%clk 0:59:51]} Nfe4 {[%clk 0:55:35]} 20. Bd4 {[%clk 0:54:53]} h6
{[%clk 0:46:55]} 21. Rad1 {[%clk 0:43:24]} b6 {[%clk 0:40:03]} 22. Be5
{[%clk 0:32:16]} Rd8 {[%clk 0:38:49]} 23. Bh2 {[%clk 0:27:19]} Rac8
{[%clk 0:33:05]} 24. Nd4 {[%clk 0:26:49]} Qg6 {[%clk 0:32:48]} 25. Rc1
{[%clk 0:23:44]} Ne6 {[%clk 0:27:07]} 26. Rxc8 {[%clk 0:16:47]} Rxc8
{[%clk 0:27:29]} 27. Qa6 {[%clk 0:15:41]} Rc4 {[%clk 0:25:03]} 28. Nf3
{[%clk 0:11:15]} N6g5 {[%clk 0:23:48]} 29. Nxg5 {[%clk 0:09:43]} Nxg5
{[%clk 0:23:57]} 30. Bg3 {[%clk 0:09:11]} h5 {[%clk 0:22:23]} 31. h4
{[%clk 0:07:47]} Ne4 {[%clk 0:20:47]} 32. Qxa7 {[%clk 0:07:48]} Nxg3
{[%clk 0:19:02]} 33. Qb8+ {[%clk 0:08:09]} Kh7 {[%clk 0:19:28]} 34. Qxg3
{[%clk 0:07:25]} Rg4 {[%clk 0:19:45]} 35. Qf3 {[%clk 0:07:22]} d4
{[%clk 0:17:14]} 36. exd4 {[%clk 0:07:18]} Rxd4 {[%clk 0:17:35]} 37. Rd1
{[%clk 0:03:51]} Rxh4 {[%clk 0:17:40]} 38. Rd5 {[%clk 0:02:45]} Rg4
{[%clk 0:15:57]} 39. b4 {[%clk 0:02:25]} Kg8 {[%clk 0:07:15]} 40. Rd8+
{[%clk 0:31:22]} Kh7 {[%clk 0:37:44]} 41. Rd5 {[%clk 0:28:13]} Kg8
{[%clk 0:36:50]} 42. Rd8+ {[%clk 0:28:15]} Kh7 {[%clk 0:37:17]} 43. Rd5
{[%clk 0:28:08]} Qb1+ {[%clk 0:37:05]} 44. Rd1 {[%clk 0:28:02]} Qg6
{[%clk 0:33:28]} 45. Rd5 {[%clk 0:28:23]} h4 {[%clk 0:33:37]} 46. Kh2
{[%clk 0:28:04]} f6 {[%clk 0:32:19]} 1/2-1/2

[Event "World Chess Olympiad 2018"]
[Site "Batumi"]
[Date "2018.10.02"]
[Round "8"]
[Board "4"]
[WhiteFideId "20500882"]
[White "Chiona Richard"]
[BlackFideId "11101660"]
[Black "Prescod Bryan"]
[Result "0-1"]
[LiveChessVersion "1.4.8"]
[BlackElo "2039"]
[WhiteElo "1900"]

1. d4 {[%clk 1:30:30]} Nf6 {[%clk 1:30:41]} 2. Nf3 {[%clk 1:30:58]} e6
{[%clk 1:30:49]} 3. e3 {[%clk 1:31:24]} b6 {[%clk 1:30:40]} 4. Bd3
{[%clk 1:31:50]} Bb7 {[%clk 1:30:50]} 5. O-O {[%clk 1:32:15]} c5 {[%clk 1:28:52]}
6. b3 {[%clk 1:32:28]} Be7 {[%clk 1:29:02]} 7. Bb2 {[%clk 1:32:53]} O-O
{[%clk 1:29:07]} 8. Nbd2 {[%clk 1:33:00]} d5 {[%clk 1:25:14]} 9. Ne5
{[%clk 1:33:15]} Nc6 {[%clk 1:23:35]} 10. a3 {[%clk 1:32:47]} Bd6
{[%clk 1:13:19]} 11. f4 {[%clk 1:33:00]} Ne7 {[%clk 1:13:36]} 12. Qf3
{[%clk 1:30:50]} Rc8 {[%clk 1:03:46]} 13. Qh3 {[%clk 1:30:54]} Ne4
{[%clk 1:03:26]} 14. Rad1 {[%clk 1:29:45]} Nf5 {[%clk 1:01:06]} 15. g4
{[%clk 1:24:37]} Qh4 {[%clk 1:00:30]} 16. Rf3 {[%clk 1:16:48]} Nxd2
{[%clk 0:58:01]} 17. Rxd2 {[%clk 1:16:21]} Qe1+ {[%clk 0:58:22]} 18. Rf1
{[%clk 1:15:59]} Qxe3+ {[%clk 0:58:13]} 19. Qxe3 {[%clk 1:14:59]} Nxe3
{[%clk 0:53:12]} 20. Re1 {[%clk 1:14:50]} Bxe5 {[%clk 0:53:02]} 21. fxe5
{[%clk 1:11:50]} Nxg4 {[%clk 0:53:05]} 22. Rg2 {[%clk 1:11:24]} h5
{[%clk 0:51:24]} 23. h3 {[%clk 1:11:35]} Nh6 {[%clk 0:49:02]} 24. Bc1
{[%clk 1:11:56]} Nf5 {[%clk 0:49:06]} 25. Bxf5 {[%clk 1:12:14]} exf5
{[%clk 0:49:26]} 26. Bh6 {[%clk 1:12:33]} Kh7 {[%clk 0:49:50]} 27. Bxg7
{[%clk 1:11:52]} Rg8 {[%clk 0:49:19]} 28. Bf6 {[%clk 1:12:19]} Rxg2+
{[%clk 0:47:38]} 29. Kxg2 {[%clk 1:12:48]} cxd4 {[%clk 0:47:47]} 30. Kf3
{[%clk 1:05:58]} Rxc2 {[%clk 0:36:29]} 31. Rg1 {[%clk 1:06:15]} d3
{[%clk 0:36:50]} 32. Rg7+ {[%clk 1:05:42]} Kh6 {[%clk 0:37:13]} 33. Rg8
{[%clk 1:05:42]} d4+ {[%clk 0:36:43]} 0-1

[Event "World Chess Olympiad 2018"]
[Site "Batumi"]
[Date "2018.10.02"]
[Round "8"]
[Board "1"]
[WhiteFideId "8102368"]
[White "Moayed Obied"]
[BlackFideId "19600151"]
[Black "Cheikhna Mohamed Lemine"]
[Result "1-0"]
[LiveChessVersion "1.4.8"]
[BlackElo "1950"]
[WhiteElo "2125"]

1. d4 {[%clk 1:30:48]} d5 {[%clk 1:30:31]} 2. c4 {[%clk 1:31:10]} c6
{[%clk 1:30:47]} 3. Nf3 {[%clk 1:31:30]} Nf6 {[%clk 1:30:42]} 4. Qb3
{[%clk 1:31:36]} Qb6 {[%clk 1:29:09]} 5. Nc3 {[%clk 1:31:44]} e6 {[%clk 1:28:22]}
6. Bf4 {[%clk 1:31:26]} Bb4 {[%clk 1:23:28]} 7. c5 {[%clk 1:28:48]} Qa5
{[%clk 1:22:46]} 8. Nd2 {[%clk 1:16:04]} b6 {[%clk 1:14:22]} 9. cxb6
{[%clk 0:59:58]} axb6 {[%clk 1:14:14]} 10. e3 {[%clk 0:59:51]} O-O
{[%clk 1:10:36]} 11. a3 {[%clk 0:58:10]} c5 {[%clk 1:00:54]} 12. Bd6
{[%clk 0:52:38]} Rd8 {[%clk 0:57:22]} 13. Be7 {[%clk 0:51:08]} Rd7
{[%clk 0:56:48]} 14. Bxf6 {[%clk 0:51:27]} gxf6 {[%clk 0:57:08]} 15. Rc1
{[%clk 0:48:20]} Bxc3 {[%clk 0:52:31]} 16. Rxc3 {[%clk 0:48:44]} c4
{[%clk 0:52:06]} 17. Qd1 {[%clk 0:43:12]} b5 {[%clk 0:49:00]} 18. Qg4+
{[%clk 0:42:14]} Kf8 {[%clk 0:48:06]} 19. b4 {[%clk 0:36:59]} cxb3
{[%clk 0:45:15]} 20. Rxc8+ {[%clk 0:36:51]} Ke7 {[%clk 0:45:00]} 21. Qg8
{[%clk 0:34:58]} Rd8 {[%clk 0:44:17]} 22. Rxd8 {[%clk 0:35:14]} Qxd8
{[%clk 0:44:24]} 23. Qxd8+ {[%clk 0:35:38]} Kxd8 {[%clk 0:44:48]} 24. Bxb5
{[%clk 0:35:47]} Rxa3 {[%clk 0:44:21]} 25. Ke2 {[%clk 0:35:51]} Na6
{[%clk 0:40:04]} 26. Bxa6 {[%clk 0:36:00]} Rxa6 {[%clk 0:40:24]} 27. Nxb3
{[%clk 0:36:20]} Ra2+ {[%clk 0:40:19]} 28. Kf3 {[%clk 0:36:38]} f5
{[%clk 0:40:28]} 29. Ra1 {[%clk 0:36:56]} Rb2 {[%clk 0:40:20]} 30. Ra8+
{[%clk 0:37:10]} Ke7 {[%clk 0:40:29]} 31. Nc5 {[%clk 0:37:30]} Rb1
{[%clk 0:39:29]} 32. Rh8 {[%clk 0:37:26]} 1-0